History Quiz

Random History Quiz

Emperors of the Maurya Dynasty Quiz Stats

 Plays Quiz not verified by Sporcle

Challenge
Share
Tweet
Embed
Score 0/9 Timer 05:00
0 Plays Today
Reign Emperor % Correct
321-297 BCChandragupta Maurya
95.1%
272-232 BCAshoka Maurya
87.8%
297-272 BCBindusara Maurya
54.9%
187-184 BCBrihadratha Maurya
19.5%
232-224 BCDasaratha Maurya
17.1%
215-202 BCSalisuka Maurya
12.2%
224-215 BCSamprati Maurya
11%
202-195 BCDevavarman Maurya
9.8%
195-187 BCSatadhanvan Maurya
8.5%

You're not logged in!

Compare scores with friends on all Sporcle quizzes.
Join for Free
OR
Log In

You Might Also Like...

Show Comments

Extras

Created Oct 30, 2010ReportNominate
Tags:ancient, dynasty, emperor, india, indian, ruler

Top Quizzes Today


Score Distribution

Your Account Isn't Verified!

In order to create a playlist on Sporcle, you need to verify the email address you used during registration. Go to your Sporcle Settings to finish the process.

Report this User

Report this user for behavior that violates our Community Guidelines.

Details: